| 000 | 01247cas a2200349 a 4500 | ||
|---|---|---|---|
| 001 | 11247766 | ||
| 003 | OSt | ||
| 005 | 20230621110600.0 | ||
| 008 | 810529c19uu9999ii uu p 0 a0eng | ||
| 010 | _a 81641553 | ||
| 035 | _a(OCoLC)ocm07455520 | ||
| 040 |
_aDLC _beng _cDLC _dOCLCO _dOCLCQ _dOCLCF _dOCLCO _dOCLCA _dOCLCQ |
||
| 042 | _apcc | ||
| 043 | _aa-ii--- | ||
| 082 |
_a328.1 _bPPP |
||
| 245 | 0 | 0 | _aParliamentary practice and procedure. |
| 260 |
_aBangalore [India] : _bCommonwealth Parliamentary Association, Karnataka Branch |
||
| 300 |
_avolumes : _billustrations ; _c22 cm |
||
| 336 |
_atext _btxt _2rdacontent |
||
| 337 |
_aunmediated _bn _2rdamedia |
||
| 338 |
_avolume _bnc _2rdacarrier |
||
| 588 | _aDescription based on: 9th course of lectures (1979); title from cover. | ||
| 590 | _aSERBIB/SERLOC merged record | ||
| 650 | 0 |
_aParliamentary practice _zIndia. |
|
| 650 | 7 |
_aParliamentary practice. _2fast _0(OCoLC)fst01053793 |
|
| 651 | 7 |
_aIndia. _2fast _0(OCoLC)fst01210276 |
|
| 710 | 2 |
_aCommonwealth Parliamentary Association. _bKarnataka Branch. |
|
| 780 | 0 | 0 |
_tLectures on parliamentary practice and prodecure _w(DLC) 76913510 |
| 906 |
_a7 _bcbc _cserials _d4 _encip _f19 _gn-oclcserc |
||
| 942 |
_2ddc _cBK |
||
| 999 |
_c2087 _d2087 |
||